Biology Bash #2 - Statistics

General Stats
  • This quiz has been taken 22 times
  • The average score is 6 of 10
Answer Stats
Hint Answer % Correct
How many kingdoms of life are there? 5
83%
What is created when a sperm cell and an egg cell fuse? Zygote
83%
What variable is not changed during an experiment? Control
78%
Which organisms recycle dead matter? Decomposer
78%
What stage of the food web has the most energy? Producer
72%
In what process can you run DNA samples through a gel and find matches? Gel electrophoresis
56%
What is the genotype for defining a dominant and a recessive allele together? Heterozygous
44%
What's the second trophic level in a food web? Primary consumer
33%
What tool is used to determine crosses of alleles? Punnett Square
28%
Whose works that dealt with DNA structure did Watson and Crick take ownership of? Rosalind Franklin
22%
No matching quizzes found
Score Distribution
Percent of People with Each Score
Percentile by Number Answered
Your Score History
You have not taken this quiz